MARC

LEADER 00000nam0a2200000 4500
001 350672
005 20241211160256.0
035 |a (RuTPU)RU\TPU\retro\4881 
090 |a 350672 
100 |a 20190218d1933 m y0rusy50 ca 
101 0 |a rus 
102 |a RU 
105 |a y z 001dy 
181 0 |a i   |b  e  
182 0 |a n 
183 0 |a nc  |2 RDAcarrier 
200 1 |a Старая сибирская сатирическая поэзия  |f сост. Б. И. Жеребцов 
203 |a Текст  |b визуальный  |c непосредственный 
210 |a Новосибирск  |c Новосибирское кн. изд-во  |d 1938 
215 |a 112 с. 
283 |a volume  |2 RDAcarrier 
320 |a Библиогр.: с. 96-109 
606 1 |a Русская литература, дореволюционная  |2 stltpush  |3 (RuTPU)RU\TPU\subj\26371  |9 50314 
610 1 |a художественная литература 
610 1 |a поэзия 
610 1 |a стихи 
610 1 |a сатира 
610 1 |a Сибирь 
610 1 |a Первая русская революция 
610 1 |a Революция 1905 года 
610 1 |a политическая сатира 
610 1 |a 19 век 
610 1 |a 20 век 
610 1 |a быт 
675 |a Р1  |v 3 
702 1 |a Жеребцов  |b Б. И.  |c литературный критик  |c библиограф  |f 1900-1941  |g Борис Иннокентьевич  |3 (RuTPU)RU\TPU\pers\43138  |4 220 
801 1 |a RU  |b 63413507  |c 20190218 
801 2 |a RU  |b 63413507  |c 20191128  |g RCR 
942 |c BK